Memórias / (Record no. 36105)
[ view plain ]
| 000 -LEADER | |
|---|---|
| campo de control de longitud fija | 00502nam a2200181 i 4500 |
| 001 - NÚMERO DE CONTROL | |
| campo de control | 36105 |
| 003 - IDENTIFICADOR DE NÚMERO DE CONTROL | |
| campo de control | ES-MaACL |
| 005 - FECHA Y HORA DE LA ÚLTIMA TRANSACCIÓN | |
| campo de control | 20250620063012.0 |
| 007 - CAMPO FIJO DE DESCRIPCIÓN FÍSICA--INFORMACIÓN GENERAL | |
| campo de control de longitud fija | t| |
| 008 - DATOS DE LONGITUD FIJA--INFORMACIÓN GENERAL | |
| campo de control de longitud fija | 030217m19251933fr ||||1| por d |
| 100 1# - ENTRADA PRINCIPAL--NOMBRE DE PERSONA | |
| Nombre de persona | Brandão, Raúl, |
| Fechas asociadas al nombre | 1867-1930 |
| 9 (RLIN) | 31331 |
| 245 10 - MENCIÓN DEL TÍTULO | |
| Título | Memórias / |
| Mención de responsabilidad, etc. | Raul Brandao. |
| 250 ## - MENCION DE EDICION | |
| Mención de edición | 5ª ed. |
| 260 ## - PUBLICACIÓN, DISTRIBUCIÓN, ETC. | |
| Lugar de publicación, distribución, etc. | Paris, etc. : |
| Nombre del editor, distribuidor, etc. | Aillad e Bertrand, |
| Fecha de publicación, distribución, etc. | [1925-33] ( |
| Fabricante | Anuario Comercial) |
| 300 ## - DESCRIPCIÓN FÍSICA | |
| Extensión | 3 v. ; |
| Dimensiones | 19 cm. |
| 852 ## - LOCALIZACIÓN | |
| Ubicación | ES-MaACL |
| Número de control de estantería | C-7380-2 |
| Estatus retirado | Estado de pérdida | Estado de daño | No para préstamo | Biblioteca de origen | Biblioteca actual | Ubicación en estantería | Fecha de adquisición | Fuente de adquisición | Total de préstamos | Signatura topográfica completa | Código de barras | Visto por última vez | Precio de reemplazo | Tipo de ítem Koha |
|---|---|---|---|---|---|---|---|---|---|---|---|---|---|---|
| Biblioteca del Ateneo de Madrid | Biblioteca del Ateneo de Madrid | Sala Palomar | 17/01/2008 | C-7380-2 | 1037892 | 23/02/2023 | 23/02/2023 | Libro impreso |
